000
00211nam a22000857a 4500
008
170622b xxu||||| |||| 00| 0 eng d
100
_9
3633
_a
Ash. R
245
_a
World of facts 2007
260
_a
India
_b
A. B. C. B
_c
2006
999
_c
7024
_d
7024